000 00524nam a2200193Ia 4500
001 61245
008 170105n ii |||gr||||Z||||||465
082 _a652
100 _aPalliyath, Haneef,
_eAuthor.
245 0 _aSecretarial practice in arabic
_cby Dr Haneef palliyath
_hTextual Documents
250 _a4th rev ed.
260 _aCalicut:
_bAl-Huda Book Stall.,
_c2008.
300 _a143p:
_c21cm.
653 _aArabic
653 _aSecretarial practice
653 _aG-Arabic
653 _aMS-Arabic
942 _2ddc
_cBK
999 _c62354
_d62354